000 00440nam a2200181Ia 4500
008 230524s9999 xx 000 0 und d
020 _a8187433159
082 _a621.382
_bJAI
100 _aMalika Jain
245 0 _aABC of Electrical Engineering
250 _a3RD
260 _aNEW DELHI
_bDhanpatirai
_c2005
300 _aVIII;556
500 _aQuantity Number: 27
650 _aElectrical
700 _a Priyanka Jain
942 _cBK
999 _c1470
_d1470